000 00878nam a2200265Ia 4500
003 OSt
005 20220918171053.0
006 a|||||r|||| 00| 0
007 ta
008 220917b |||||||| |||| 00| 0 eng d
020 _a9781138641266 (pbk)
_cUKP 24.99
024 _a348,132
037 _bBBS/07, 15/01/2019, Better Book Services
_cTextual
040 _aARTS
_cARTS
_beng
041 _2eng
_aeng
082 _aY15:f, Q9
100 _aWestmarland Nicole Au.
_933832
245 0 _aResearching gender, violence and abuse
_b theory, methods, action
260 _aLondon
_bRoutledge UK
_c2019
300 _aviii,159p.
_ccm.
650 _aRESEARCH METHODS; WOMEN
_933833
700 _a Bows Hannah Au.
_933834
942 _hY15:f, Q9
_cTEXL
_2CC
999 _c137704
_d137704